000 00763nam a22002177a 4500
999 _c9396
_d9396
003 AR-CdUCM
008 190327b ||||| |||| 00| 0 spa d
040 _aMUNICIPALIDAD PROVINCIAL DEL CUSCO
_cBIBLIOTECA MUNICIPAL DEL CUSCO
082 _a869.96 /
_bT73
100 _aTorres Guzmán, Floréncio
_925570
245 _aPara ti y el viento /
260 _aBolivia :
_bPotosi,
_c1967.
300 _a77 paginas ;
_c19 cm.
440 _aColección Rosicler.
_n3
_925571
500 _aDonación familia Nieto.
505 _aContenido :La niña del sexo inédito -- Espiga de oro -- Nunca seremos -- Niña, primavera en bronce -- Yo solo ansío una gota ...
650 _aPoemas
_9929
650 _aLiteratura boliviana
_94271
942 _2ddc
_cLIBROS
945 _arum